| 000 | 00446nam a2200169Ia 4500 | ||
|---|---|---|---|
| 008 | 121217t1961 xxu||||| |||| 00| 0 sin d | ||
| 041 | _asin | ||
| 080 |
_a8S-31 _bRAJ |
||
| 100 | _aRajapaksha, Victor | ||
| 245 | _aඅභිරහස් දියමන්තිය | ||
| 246 | _aAbirahas Diyamanthiya | ||
| 260 |
_bAuthor _aColombo _c1961 |
||
| 300 | _a152p., 18 cm | ||
| 942 | _cBK | ||
| 999 |
_c69374 _d69374 |
||
| 003 | LK-CoDNM | ||
| 040 |
_aLK-CoDNM _dLK-CoDNM _eLK-CoDNM |
||